=LDR 00000nam 2200000 4500 =001 NUTBA000000000003904 =005 20140828154650.0 =006 =007 =008 =020 ##$$a 978-979-24-3868-0 =035 ##$$a 0010-081400000000749 =040 ##$$a NBPDMAT =090 ##$$a 616.81 $b Gen s =100 ##$$a Genis Ginanjar Wahyu =245 ##$$a Stroke : $b Hanya menyerang orang tua? / $c Genis Ginanjar Wahyu =260 ##$$a Yogyakarta : $b B. First $c 2009 =300 ##$$a 102 hlm. : $b ilus. ; $c 19 cm. =650 ##$$a Stroke =850 ##$$a NBPDMAT =990 ##$$a 21408502